[Event "CYCC U14"]
[Site "Ottawa CAN"]
[Date "2007.07.04"]
[Round "3"]
[White "Jiang, Louie"]
[Black "Sundar, Avinaash"]
[Result "1-0"]
[WhiteElo "2225"]
[BlackElo "2081"]
[PlyCount "85"]
[GameId "2160767910659196"]
[EventDate "2007.07.03"]
[EventType "swiss"]
[EventRounds "7"]
[EventCountry "CAN"]

1. e4 c5 2. Nf3 d6 3. d4 cxd4 4. Nxd4 Nf6 5. Nc3 g6 6. Be3 Bg7 7. f3 O-O 8. Qd2 Nc6 9. O-O-O d5 10. Kb1 e5 11. Nxc6 bxc6 12. exd5 cxd5 13. Nxd5 Be6 14. Nxf6+ Qxf6 15. Bg5 Qf5 16. g4 Bxa2+ 17. Kxa2 Qe6+ 18. Kb1 Rab8 19. Qd6 Qc8 20. Rd5 Qc3 21. Bb5 Qxf3 22. Rf1 Qg2 23. Rfd1 h6 24. Bf6 Rfc8 25. R5d2 Qb7 26. Bxg7 Kxg7 27. Qxe5+ Kg8 28. Bc4 Re8 29. Qf6 Qc7 30. Qxg6+ Kf8 31. Qxh6+ Kg8 32. Rd5 Re5 33. Rxe5 Qxe5 34. Qg6+ Kh8 35. Qh5+ Qxh5 36. gxh5 Kg7 37. Rg1+ Kf8 38. h6 Ke7 39. Rg7 Kf6 40. Rxf7+ Kg6 41. h7 a5 42. Ra7 Rh8 43. Bd3+ 1-0

[Event "CYCC U14"]
[Site "Ottawa CAN"]
[Date "2007.07.04"]
[Round "3"]
[White "Keith-Jacques, Liam"]
[Black "MacKinnon, Keith"]
[Result "0-1"]
[WhiteElo "1982"]
[BlackElo "1994"]
[PlyCount "78"]
[GameId "2160767910659197"]
[EventDate "2007.07.03"]
[EventType "swiss"]
[EventRounds "7"]
[EventCountry "CAN"]
[SourceTitle "EXT 2022"]
[Source "ChessBase"]
[SourceDate "2021.10.06"]
[SourceVersion "1"]
[SourceVersionDate "2021.10.06"]
[SourceQuality "1"]

1. e4 e5 2. Nf3 Nc6 3. Bb5 a6 4. Ba4 Nf6 5. O-O Nxe4 6. d4 b5 7. Bb3 d5 8. dxe5 Be6 9. c3 Bc5 10. Nbd2 O-O 11. Bc2 Nxf2 12. Rxf2 f6 13. exf6 Qxf6 14. Nb3 Bxf2+ 15. Kxf2 Ne5 16. Nbd4 Bg4 17. b4 Qh4+ 18. Kg1 Qh5 19. Bb3 Rad8 20. Be3 Nxf3+ 21. Nxf3 Bxf3 22. gxf3 Rxf3 23. Bd4 Qg4+ 24. Kh1 Qe4 25. Kg1 Rd6 26. Bf2 Qg6+ 27. Kf1 Qf7 28. Qd2 Rdf6 29. Kg1 Rxf2 30. Qxd5 Rg6+ 31. Kh1 Qxd5+ 32. Bxd5+ Kf8 33. Re1 Rd6 34. Bb3 Rdd2 35. h4 Rh2+ 36. Kg1 Rdg2+ 37. Kf1 Rg4 38. Re6 Rg6 39. Re3 Rxh4 0-1

[Event "CYCC U14"]
[Site "Ottawa CAN"]
[Date "2007.07.04"]
[Round "3"]
[White "Labrador, Jhoyner"]
[Black "Sapozhnikov, Roman"]
[Result "0-1"]
[WhiteElo "1533"]
[BlackElo "2200"]
[PlyCount "104"]
[GameId "2160767910659198"]
[EventDate "2007.07.03"]
[EventType "swiss"]
[EventRounds "7"]
[EventCountry "CAN"]
[SourceTitle "EXT 2022"]
[Source "ChessBase"]
[SourceDate "2021.10.06"]
[SourceVersion "1"]
[SourceVersionDate "2021.10.06"]
[SourceQuality "1"]

1. d4 d5 2. c4 c6 3. e3 Nf6 4. Nc3 a6 5. cxd5 cxd5 6. Bd3 Nc6 7. a3 e5 8. dxe5 Nxe5 9. Bc2 Bd6 10. Nge2 Bg4 11. Bb3 O-O 12. O-O Bc7 13. f3 Be6 14. Nf4 Nc4 15. Nxe6 fxe6 16. Bxc4 dxc4 17. e4 b5 18. Be3 Qb8 19. f4 Rd8 20. Qe2 Rd3 21. Rad1 Rxe3 22. Qxe3 Bb6 23. Rd4 Ng4 24. Qd2 Qa7 25. Ne2 e5 26. fxe5 Rd8 27. Rd1 Nxe5 28. Kh1 Bxd4 29. Nxd4 Nc6 30. Nxc6 Rxd2 31. Rxd2 Qc7 32. Rd8+ Kf7 33. Rd7+ Qxd7 34. Ne5+ Ke6 35. Nxd7 Kxd7 36. Kg1 Kd6 37. Kf2 Ke5 38. Ke3 a5 39. g3 b4 40. axb4 axb4 41. h3 b3 42. Kd2 Kxe4 43. Kc3 Kd5 44. Kd2 Kd4 45. Kc1 Ke3 46. Kd1 Kd3 47. Kc1 Ke2 48. g4 g5 49. Kb1 Kd2 50. Ka1 c3 51. bxc3 Kc2 52. c4 b2+ 0-1

[Event "CYCC U14"]
[Site "Ottawa CAN"]
[Date "2007.07.04"]
[Round "3"]
[White "Nadeau, Emmanuel"]
[Black "Green, Aaron"]
[Result "1-0"]
[WhiteElo "1720"]
[BlackElo "1510"]
[PlyCount "55"]
[GameId "2160767910659199"]
[EventDate "2007.07.03"]
[EventType "swiss"]
[EventRounds "7"]
[EventCountry "CAN"]
[SourceTitle "EXT 2022"]
[Source "ChessBase"]
[SourceDate "2021.10.06"]
[SourceVersion "1"]
[SourceVersionDate "2021.10.06"]
[SourceQuality "1"]

1. e4 c5 2. Nf3 d6 3. d4 cxd4 4. Nxd4 Nf6 5. Nc3 g6 6. Be3 Bg7 7. Bc4 O-O 8. O-O Nc6 9. Qd2 Bd7 10. Rad1 Rc8 11. Bb3 Na5 12. Rfe1 Nxb3 13. Nxb3 a6 14. Bh6 b5 15. Bxg7 Kxg7 16. a3 Be6 17. Nd4 Bc4 18. f4 Qb6 19. Kh1 Ng8 20. f5 f6 21. Re3 g5 22. Rg3 Bf7 23. h4 h6 24. Nf3 Bh5 25. hxg5 hxg5 26. Nxg5 Bxd1 27. Qxd1 Rxc3 28. Ne6+ 1-0

[Event "CYCC U14"]
[Site "Ottawa CAN"]
[Date "2007.07.04"]
[Round "3"]
[White "Poulin, Mathieu"]
[Black "Hum, Jeffrey"]
[Result "1-0"]
[WhiteElo "1107"]
[BlackElo "1133"]
[PlyCount "89"]
[GameId "2160767910659200"]
[EventDate "2007.07.03"]
[EventType "swiss"]
[EventRounds "7"]
[EventCountry "CAN"]
[SourceTitle "EXT 2022"]
[Source "ChessBase"]
[SourceDate "2021.10.06"]
[SourceVersion "1"]
[SourceVersionDate "2021.10.06"]
[SourceQuality "1"]

1. d4 e6 2. c4 Nf6 3. Nc3 Bb4 4. Qc2 Nc6 5. Nf3 Qe7 6. Bg5 e5 7. a3 Nxd4 8. Nxd4 exd4 9. axb4 dxc3 10. bxc3 O-O 11. e3 h6 12. Bh4 Qe4 13. Qxe4 Nxe4 14. Bd3 Nxc3 15. Ra3 Nd1 16. Kxd1 b6 17. Be4 Rb8 18. Rxa7 Re8 19. Bf3 d6 20. Bc6 Re6 21. Rxc7 g5 22. Bg3 h5 23. Bd5 Rf6 24. h4 g4 25. Ke2 Be6 26. Ra1 Bxd5 27. cxd5 Rg6 28. Raa7 f5 29. Bf4 Re8 30. g3 Kh8 31. Rab7 Kg8 32. Rxb6 Rg7 33. Rxg7+ Kxg7 34. Rxd6 Rc8 35. Rc6 Re8 36. b5 Kf7 37. b6 Ke7 38. Re6+ Kd7 39. Rxe8 Kxe8 40. b7 Ke7 41. b8=Q Kf7 42. Qd6 Ke8 43. Qc7 Kf8 44. d6 Ke8 45. Qe7# 1-0

[Event "CYCC U14"]
[Site "Ottawa CAN"]
[Date "2007.07.04"]
[Round "3"]
[White "Prysiazny, Michael"]
[Black "Raymer, Elliot"]
[Result "1-0"]
[WhiteElo "1648"]
[BlackElo "1827"]
[PlyCount "39"]
[GameId "2160767910659201"]
[EventDate "2007.07.03"]
[EventType "swiss"]
[EventRounds "7"]
[EventCountry "CAN"]
[SourceTitle "EXT 2022"]
[Source "ChessBase"]
[SourceDate "2021.10.06"]
[SourceVersion "1"]
[SourceVersionDate "2021.10.06"]
[SourceQuality "1"]

1. e4 e5 2. Nf3 Nc6 3. Bc4 Nf6 4. Ng5 d5 5. exd5 Na5 6. d3 h6 7. Nf3 e4 8. Qe2 Nxc4 9. dxc4 Bc5 10. Nfd2 O-O 11. Nb3 Bg4 12. Qf1 Bb6 13. c5 Bxc5 14. h3 Bh5 15. g4 Nxg4 16. hxg4 Bxg4 17. Qg1 Qxd5 18. Nc3 Bb4 19. Qxg4 e3 20. O-O 1-0

[Event "CYCC U14"]
[Site "Ottawa CAN"]
[Date "2007.07.04"]
[Round "3"]
[White "Rakov, Pavel"]
[Black "Wu, Yilun"]
[Result "1/2-1/2"]
[WhiteElo "1892"]
[BlackElo "1715"]
[PlyCount "75"]
[GameId "2160767910659202"]
[EventDate "2007.07.03"]
[EventType "swiss"]
[EventRounds "7"]
[EventCountry "CAN"]
[SourceTitle "EXT 2022"]
[Source "ChessBase"]
[SourceDate "2021.10.06"]
[SourceVersion "1"]
[SourceVersionDate "2021.10.06"]
[SourceQuality "1"]

1. e4 c5 2. Nf3 Nc6 3. d4 cxd4 4. Nxd4 e5 5. Nb5 a6 6. Nd6+ Bxd6 7. Qxd6 Qf6 8. Qxf6 Nxf6 9. Nc3 Nb4 10. Kd2 d5 11. exd5 Bf5 12. Bd3 Nxd3 13. cxd3 O-O-O 14. Re1 Rhe8 15. b3 Nxd5 16. Nxd5 Rxd5 17. Re3 e4 18. Bb2 Rxd3+ 19. Rxd3 exd3 20. Re1 Rxe1 21. Kxe1 g5 22. f3 g4 23. fxg4 Bxg4 24. Kd2 Bf5 25. g4 Bxg4 26. Kxd3 f5 27. Ke3 h5 28. h4 Kd7 29. a3 Kc6 30. Kf4 Kd5 31. Bc3 Ke6 32. b4 Kd5 33. a4 Kc4 34. Bd2 Kd3 35. Be1 Ke2 36. Bc3 Kf2 37. a5 Kg2 38. Bf6 1/2-1/2

[Event "CYCC U14"]
[Site "Ottawa CAN"]
[Date "2007.07.04"]
[Round "3"]
[White "Shaikh, Zeeshan"]
[Black "Labonte, Cameron"]
[Result "1-0"]
[WhiteElo "1337"]
[BlackElo "1048"]
[PlyCount "63"]
[GameId "2160767910659203"]
[EventDate "2007.07.03"]
[EventType "swiss"]
[EventRounds "7"]
[EventCountry "CAN"]
[SourceTitle "EXT 2022"]
[Source "ChessBase"]
[SourceDate "2021.10.06"]
[SourceVersion "1"]
[SourceVersionDate "2021.10.06"]
[SourceQuality "1"]

1. e4 e6 2. Nf3 d5 3. Nc3 Nc6 4. Bb5 Nf6 5. d3 a6 6. Bxc6+ bxc6 7. e5 Nd7 8. O-O f6 9. d4 c5 10. Be3 h6 11. Qd3 Kf7 12. Nh4 f5 13. Nxf5 exf5 14. Qxf5+ Nf6 15. Qf3 Bg4 16. Qf4 Be7 17. h3 g5 18. Qg3 Nh5 19. Qxg4 Ng7 20. Qf3+ Ke6 21. Rad1 Rf8 22. Qg4+ Nf5 23. dxc5 Qe8 24. Nxd5 h5 25. Nxc7+ Kxe5 26. f4+ gxf4 27. Qxf4+ Kf6 28. Qxf5+ Kg7 29. Bd4+ Bf6 30. Bxf6+ Kg8 31. Qg5+ Kf7 32. Qg7# 1-0

[Event "CYCC U14"]
[Site "Ottawa CAN"]
[Date "2007.07.04"]
[Round "3"]
[White "Szalay, Karoly"]
[Black "Huang, Richard"]
[Result "0-1"]
[WhiteElo "2174"]
[BlackElo "1984"]
[PlyCount "123"]
[GameId "2160767910659204"]
[EventDate "2007.07.03"]
[EventType "swiss"]
[EventRounds "7"]
[EventCountry "CAN"]
[SourceTitle "EXT 2022"]
[Source "ChessBase"]
[SourceDate "2021.10.06"]
[SourceVersion "1"]
[SourceVersionDate "2021.10.06"]
[SourceQuality "1"]

1. e4 c5 2. Nf3 e6 3. d4 cxd4 4. Nxd4 Nc6 5. Nc3 Qc7 6. Nb3 a6 7. a4 Nf6 8. f4 Bb4 9. Bd3 Bxc3+ 10. bxc3 d5 11. exd5 Nxd5 12. O-O O-O 13. Rf3 f5 14. Bb2 Nxf4 15. c4 Nxd3 16. Rxd3 e5 17. a5 Qf7 18. Qd2 Be6 19. Rd1 h6 20. Nc5 Rfd8 21. Bxe5 Rxd3 22. Nxd3 Rd8 23. Qc3 Nxe5 24. Qxe5 Bxc4 25. h3 Rd5 26. Qc3 Bxd3 27. cxd3 Qd7 28. d4 Kh7 29. Rd2 Qa4 30. Rb2 Qxd4+ 31. Qxd4 Rxd4 32. Rxb7 Rd5 33. Rb6 Rxa5 34. Kh2 Ra3 35. h4 f4 36. h5 f3 37. gxf3 Rxf3 38. Rxa6 Rf5 39. Kg3 Rxh5 40. Kf4 Rb5 41. Kg4 Rb7 42. Rc6 Rf7 43. Kh5 Rf5+ 44. Kg4 Rf6 45. Rc5 Kg6 46. Ra5 Rc6 47. Ra4 h5+ 48. Kh4 Kh6 49. Rb4 g5+ 50. Kg3 Rc3+ 51. Kg2 h4 52. Rb5 Kh5 53. Ra5 h3+ 54. Kh2 Kh4 55. Ra8 Rc2+ 56. Kg1 g4 57. Ra3 Rc4 58. Ra1 Re4 59. Rd1 g3 60. Rb1 h2+ 61. Kg2 Re2+ 62. Kf3 0-1

[Event "CYCC U14"]
[Site "Ottawa CAN"]
[Date "2007.07.04"]
[Round "3"]
[White "Wang, Jesse BJ"]
[Black "Wang, Jerry ZS"]
[Result "1-0"]
[WhiteElo "1793"]
[BlackElo "1577"]
[PlyCount "137"]
[GameId "2160767910659205"]
[EventDate "2007.07.03"]
[EventType "swiss"]
[EventRounds "7"]
[EventCountry "CAN"]

1. e4 e5 2. Nf3 Nc6 3. Bb5 a6 4. Ba4 Nf6 5. O-O Be7 6. Re1 b5 7. Bb3 d6 8. c3 O-O 9. h3 Na5 10. Bc2 c5 11. d4 Qc7 12. Nbd2 Bd7 13. Nf1 Rac8 14. Bd3 g6 15. Bg5 Rfe8 16. Ng3 Nc6 17. Bf1 Kg7 18. Qd2 Ng8 19. Bxe7 Rxe7 20. Rad1 Na7 21. Rc1 Ree8 22. Red1 Re7 23. Nh4 Rce8 24. f4 cxd4 25. cxd4 Qb6 26. Kh1 Nf6 27. fxe5 dxe5 28. Qg5 Kh8 29. d5 Rc8 30. Rxc8+ Nxc8 31. Nf3 Qd6 32. Rc1 Nb6 33. Qe3 Ne8 34. Qc5 f5 35. Qxd6 Nxd6 36. exf5 Nxf5 37. Nxf5 gxf5 38. d6 Re6 39. Ng5 Rf6 40. Rc7 h6 41. Nf3 e4 42. Ne5 Be8 43. d7 Bxd7 44. Nxd7 Rf7 45. Rc6 Nxd7 46. Rxh6+ Kg7 47. Rxa6 Nf8 48. Bxb5 Re7 49. Kg1 e3 50. Kf1 Ne6 51. Ra4 Rb7 52. Rb4 Nc7 53. a4 Nd5 54. Rd4 Nf6 55. Ke2 Re7 56. g4 fxg4 57. hxg4 Kg6 58. Bd3+ Kg5 59. Bf5 Rb7 60. b4 Ra7 61. a5 Rb7 62. Kxe3 Ng8 63. Kd3 Nh6 64. Kc4 Nxf5 65. gxf5 Kxf5 66. Kc5 Ke5 67. Rd8 Ke6 68. b5 Ke7 69. Rh8 1-0

[Event "CYCC U14"]
[Site "Ottawa CAN"]
[Date "2007.07.04"]
[Round "3"]
[White "Xiong, Jerry"]
[Black "Gibson, Kevin"]
[Result "1/2-1/2"]
[WhiteElo "2151"]
[BlackElo "1925"]
[PlyCount "179"]
[GameId "2160767910659206"]
[EventDate "2007.07.03"]
[EventType "swiss"]
[EventRounds "7"]
[EventCountry "CAN"]
[SourceTitle "EXT 2022"]
[Source "ChessBase"]
[SourceDate "2021.10.06"]
[SourceVersion "1"]
[SourceVersionDate "2021.10.06"]
[SourceQuality "1"]

1. e4 c5 2. Nf3 Nc6 3. d4 cxd4 4. Nxd4 e5 5. Nb5 d6 6. N1c3 a6 7. Na3 Be6 8. Be2 Nf6 9. Bg5 Be7 10. Bxf6 gxf6 11. Nc4 Nd4 12. Ne3 f5 13. exf5 Nxf5 14. Nxf5 Bxf5 15. O-O Be6 16. Bf3 Rb8 17. Qd3 O-O 18. Rad1 b5 19. b3 Kh8 20. Nd5 Bxd5 21. Bxd5 Qd7 22. Rfe1 f5 23. Qh3 Rf6 24. Re3 Rg6 25. Qh5 Bg5 26. Rg3 Qg7 27. h4 Bf4 28. Rxg6 Qxg6 29. Qxg6 hxg6 30. g3 Bh6 31. c4 Bf8 32. Kf1 Kg7 33. Ke2 b4 34. f3 Be7 35. Bc6 Rb6 36. Bd7 Rb7 37. Bc8 Rc7 38. Be6 Kf6 39. Bd5 Kg7 40. Rh1 Rc8 41. Kd3 a5 42. Ke2 Rh8 43. Kf2 Rh5 44. Kg2 g5 45. hxg5 Rxh1 46. Kxh1 Bxg5 47. Kg2 Be3 48. g4 fxg4 49. fxg4 Kf6 50. Kf3 Bc5 51. Ke4 Kg5 52. Be6 Bd4 53. Bd7 Bb6 54. Bf5 Bd4 55. Kf3 Bc5 56. Bd3 Bd4 57. Be2 Bc5 58. Ke4 Bd4 59. Bf3 Bb6 60. Bd1 Bd4 61. Kd5 Bc5 62. Kc6 Kf4 63. Kb5 Kg5 64. Kxa5 Kf4 65. Kb5 Kg5 66. Kc6 Kf4 67. Kd5 Kg5 68. Ke4 Bd4 69. Kf3 Bc5 70. Be2 Bd4 71. Ke4 Bb6 72. Bd1 Bd4 73. Kd5 Bc5 74. Ke6 Kg6 75. Kd5 Kg5 76. Bf3 Kf6 77. Ke4 Kg5 78. Be2 Bd4 79. Kf3 Bc5 80. Bd3 Bd4 81. Be4 Bc5 82. Bf5 Bd4 83. Ke4 Bb6 84. Kd5 Bc5 85. Ke6 e4 86. Bxe4 Kxg4 87. Kd5 Kf4 88. Bg6 Ke3 89. Be8 Kd2 90. Ba4 1/2-1/2

[Event "CYCC U14"]
[Site "Ottawa CAN"]
[Date "2007.07.04"]
[Round "4"]
[White "Blair, Michael"]
[Black "Keith-Jacques, Liam"]
[Result "0-1"]
[WhiteElo "1470"]
[BlackElo "1982"]
[PlyCount "106"]
[GameId "2160767910659207"]
[EventDate "2007.07.03"]
[EventType "swiss"]
[EventRounds "7"]
[EventCountry "CAN"]
[SourceTitle "EXT 2022"]
[Source "ChessBase"]
[SourceDate "2021.10.06"]
[SourceVersion "1"]
[SourceVersionDate "2021.10.06"]
[SourceQuality "1"]

1. Nf3 c5 2. c4 g6 3. g3 Bg7 4. Bg2 Nf6 5. Nc3 d5 6. cxd5 Nxd5 7. O-O O-O 8. a3 Nc6 9. Qc2 a6 10. Na4 b6 11. b4 Bxa1 12. bxc5 b5 13. Nb6 Nxb6 14. cxb6 Qxb6 15. Ne1 Bb7 16. Bxc6 Qxc6 17. Qxc6 Bxc6 18. Nc2 Bg7 19. Nb4 Bb7 20. d3 a5 21. Nc2 Rfc8 22. Ne3 b4 23. axb4 axb4 24. Bd2 Bc3 25. Bxc3 bxc3 26. Rc1 c2 27. h4 Ra2 28. Kf1 Rca8 29. Ke1 Ra1 30. Kd2 Rxc1 31. Kxc1 Rc8 32. Nxc2 f6 33. Kd2 Kf7 34. Nd4 e5 35. Nb5 Ke6 36. Ke3 f5 37. f3 Kd5 38. Na3 Ba6 39. Nb1 Rc2 40. Nd2 Rxd2 41. Kxd2 e4 42. Ke3 exf3 43. Kxf3 Kd4 44. g4 Ke5 45. Kg3 f4+ 46. Kf3 Bb7+ 47. e4 h6 48. d4+ Kxd4 49. Kxf4 Bxe4 50. Kg3 Ke3 51. Kh3 Kf3 52. g5 h5 53. Kh2 Kg4 0-1

[Event "CYCC U14"]
[Site "Ottawa CAN"]
[Date "2007.07.04"]
[Round "4"]
[White "Chamoun, Thomas"]
[Black "Rakov, Pavel"]
[Result "1/2-1/2"]
[WhiteElo "1664"]
[BlackElo "1892"]
[PlyCount "112"]
[GameId "2160767910659208"]
[EventDate "2007.07.03"]
[EventType "swiss"]
[EventRounds "7"]
[EventCountry "CAN"]
[SourceTitle "EXT 2022"]
[Source "ChessBase"]
[SourceDate "2021.10.06"]
[SourceVersion "1"]
[SourceVersionDate "2021.10.06"]
[SourceQuality "1"]

1. e4 e6 2. d4 d5 3. exd5 exd5 4. c4 Nc6 5. Nf3 Bb4+ 6. Nc3 Qe7+ 7. Be3 Nf6 8. a3 Bxc3+ 9. bxc3 O-O 10. Qb3 Ng4 11. Kd2 Nxe3 12. fxe3 Re8 13. Re1 Na5 14. Qb5 Nxc4+ 15. Bxc4 dxc4 16. Ne5 Be6 17. Qb4 Qxb4 18. axb4 f6 19. Nf3 a5 20. bxa5 Rxa5 21. Ra1 Rea8 22. Rxa5 Rxa5 23. e4 Ra2+ 24. Ke3 Rxg2 25. d5 Bd7 26. e5 fxe5 27. Nxe5 Bb5 28. Rb1 Ba6 29. Nf3 Rc2 30. Kd4 Rf2 31. Ke3 Ra2 32. Kd4 Ra3 33. Ne5 Ra2 34. Nf3 Re2 35. Rb4 h6 36. Rb1 g5 37. Rg1 Re7 38. h4 Rf7 39. Ke3 b5 40. hxg5 hxg5 41. Rxg5+ Kf8 42. Ne5 Rh7 43. Ng6+ Ke8 44. Nf4 Re7+ 45. Kd4 Kd7 46. Ne6 Bc8 47. Nc5+ Kd8 48. Rg8+ Re8 49. Rxe8+ Kxe8 50. Ne4 Bf5 51. Nc5 Ke7 52. Na6 Kd6 53. Nc5 c6 54. Nb7+ Kc7 55. dxc6 Kxc6 56. Na5+ Kb6 1/2-1/2

[Event "CYCC U14"]
[Site "Ottawa CAN"]
[Date "2007.07.04"]
[Round "4"]
[White "Gibson, Kevin"]
[Black "Prysiazny, Michael"]
[Result "1-0"]
[WhiteElo "1925"]
[BlackElo "1648"]
[PlyCount "97"]
[GameId "2160767910659209"]
[EventDate "2007.07.03"]
[EventType "swiss"]
[EventRounds "7"]
[EventCountry "CAN"]
[SourceTitle "EXT 2022"]
[Source "ChessBase"]
[SourceDate "2021.10.06"]
[SourceVersion "1"]
[SourceVersionDate "2021.10.06"]
[SourceQuality "1"]

1. d4 c5 2. d5 e5 3. c4 d6 4. e4 Nf6 5. Nc3 Be7 6. h3 h6 7. Nf3 Nbd7 8. Be2 Nf8 9. O-O g5 10. Nh2 Ng6 11. Ng4 Nxg4 12. Bxg4 Bxg4 13. Qxg4 Qd7 14. Qxd7+ Kxd7 15. Ne2 Rag8 16. g3 f6 17. Bd2 h5 18. a3 h4 19. g4 Rb8 20. Rfc1 Rhc8 21. Nc3 a6 22. Nd1 Bd8 23. b4 b5 24. cxb5 Rxb5 25. Rc4 Rb7 26. Rac1 Bb6 27. Nb2 Rbc7 28. Na4 Ba7 29. bxc5 Bxc5 30. Nxc5+ Rxc5 31. Rxc5 Rxc5 32. Rxc5 dxc5 33. Kf1 Kd6 34. Ke2 Ne7 35. Kd3 Nxd5 36. exd5 Kxd5 37. f3 c4+ 38. Kc3 Kc5 39. a4 a5 40. Be3+ Kd5 41. Bb6 e4 42. fxe4+ Kxe4 43. Bxa5 f5 44. gxf5 Kxf5 45. Kxc4 Ke6 46. Bd8 g4 47. hxg4 h3 48. Bc7 Kd7 49. Bh2 1-0

[Event "CYCC U14"]
[Site "Ottawa CAN"]
[Date "2007.07.04"]
[Round "4"]
[White "Huang, Richard"]
[Black "Xiong, Jerry"]
[Result "1/2-1/2"]
[WhiteElo "1984"]
[BlackElo "2151"]
[PlyCount "38"]
[GameId "2160767910659211"]
[EventDate "2007.07.03"]
[EventType "swiss"]
[EventRounds "7"]
[EventCountry "CAN"]
[SourceTitle "EXT 2022"]
[Source "ChessBase"]
[SourceDate "2021.10.06"]
[SourceVersion "1"]
[SourceVersionDate "2021.10.06"]
[SourceQuality "1"]

1. Nf3 c5 2. c4 e6 3. g3 d5 4. Bg2 Nc6 5. O-O Nf6 6. d3 Be7 7. Nbd2 O-O 8. a3 b6 9. e3 Bb7 10. Qc2 Rc8 11. b3 Qc7 12. Bb2 Rfd8 13. Rfd1 d4 14. e4 e5 15. Bh3 Rb8 16. Nf1 Bc8 17. Bg2 Bg4 18. h3 Bd7 19. Bc1 Qc8 1/2-1/2

[Event "CYCC U14"]
[Site "Ottawa CAN"]
[Date "2007.07.04"]
[Round "4"]
[White "Jankiewicz, Skyler"]
[Black "Hum, Jeffrey"]
[Result "1-0"]
[WhiteElo "1295"]
[BlackElo "1133"]
[PlyCount "93"]
[GameId "2160767910659212"]
[EventDate "2007.07.03"]
[EventType "swiss"]
[EventRounds "7"]
[EventCountry "CAN"]
[SourceTitle "EXT 2022"]
[Source "ChessBase"]
[SourceDate "2021.10.06"]
[SourceVersion "1"]
[SourceVersionDate "2021.10.06"]
[SourceQuality "1"]

1. e4 e5 2. Nf3 Nc6 3. d4 d6 4. dxe5 Bg4 5. exd6 Bxd6 6. h3 Bxf3 7. Qxf3 Nd4 8. Qd3 Ne7 9. Qxd4 O-O 10. Bd3 Nc6 11. Qe3 Qf6 12. c3 Bf4 13. Qxf4 Qxf4 14. Bxf4 Rad8 15. Bb5 f5 16. Bxc6 bxc6 17. Bxc7 Rde8 18. O-O fxe4 19. Nd2 e3 20. fxe3 Rxe3 21. Rae1 Rxf1+ 22. Kxf1 Rd3 23. Re2 h5 24. Bb8 a6 25. Nc4 Rd8 26. Bg3 g6 27. Re6 Kf7 28. Rxc6 Rd3 29. Be5 a5 30. Nxa5 Rd5 31. Nc4 Rd7 32. Rc7 Ke6 33. Rxd7 Kxd7 34. Ke2 Kc6 35. Kd3 Kd5 36. b4 Kc6 37. Kd4 Kb5 38. a4+ Kc6 39. b5+ Kb7 40. a5 g5 41. a6+ Ka7 42. Kc5 h4 43. Kc6 Ka8 44. b6 g4 45. b7+ Ka7 46. b8=Q+ Kxa6 47. Qb6# 1-0

[Event "CYCC U14"]
[Site "Ottawa CAN"]
[Date "2007.07.04"]
[Round "4"]
[White "Labonte, Cameron"]
[Black "Izquierdo, Felipe"]
[Result "0-1"]
[WhiteElo "1048"]
[BlackElo "1375"]
[PlyCount "76"]
[GameId "2160767910659213"]
[EventDate "2007.07.03"]
[EventType "swiss"]
[EventRounds "7"]
[EventCountry "CAN"]
[SourceTitle "EXT 2022"]
[Source "ChessBase"]
[SourceDate "2021.10.06"]
[SourceVersion "1"]
[SourceVersionDate "2021.10.06"]
[SourceQuality "1"]

1. d4 d5 2. f3 Nc6 3. e4 e6 4. e5 f6 5. Bf4 fxe5 6. dxe5 Nh6 7. Nd2 g5 8. Bg3 Nf5 9. Ne2 Bg7 10. f4 gxf4 11. Bxf4 Nxe5 12. b3 Ng6 13. c4 Bxa1 14. Qxa1 Rf8 15. b4 Nxf4 16. Nxf4 Ne3 17. Bd3 Rxf4 18. Qg7 Nf5 19. Qxh7 Qe7 20. Qh8+ Qf8 21. Qc3 e5 22. cxd5 Qxb4 23. Qxe5+ Qe7 24. g3 Qxe5+ 25. Ne4 Rxe4+ 26. Kd2 Qb2+ 27. Bc2 Re2+ 28. Kxe2 Qxc2+ 29. Kf3 Nd4+ 30. Ke3 Bf5 31. Kxd4 Qd3+ 32. Ke5 O-O-O 33. h3 Re8+ 34. Kf6 Qxd5 35. g4 Bxg4 36. hxg4 Re6+ 37. Kf7 Qd7+ 38. Kf8 Re8# 0-1

[Event "CYCC U14"]
[Site "Ottawa CAN"]
[Date "2007.07.04"]
[Round "4"]
[White "MacKinnon, Keith"]
[Black "Jiang, Louie"]
[Result "1/2-1/2"]
[WhiteElo "1994"]
[BlackElo "2225"]
[PlyCount "71"]
[GameId "2160767910659214"]
[EventDate "2007.07.03"]
[EventType "swiss"]
[EventRounds "7"]
[EventCountry "CAN"]
[SourceTitle "EXT 2022"]
[Source "ChessBase"]
[SourceDate "2021.10.06"]
[SourceVersion "1"]
[SourceVersionDate "2021.10.06"]
[SourceQuality "1"]

1. e4 c5 2. Nf3 d6 3. d4 cxd4 4. Nxd4 Nf6 5. Nc3 a6 6. g3 e5 7. Nde2 Be6 8. Bg2 Nbd7 9. O-O b5 10. a3 Be7 11. f4 Nb6 12. Qe1 Rc8 13. Kh1 O-O 14. Qf2 Qc7 15. Rd1 Rfd8 16. Ng1 h6 17. Nf3 Ng4 18. Qe1 Qc5 19. Rd2 d5 20. exd5 Nxd5 21. Ne4 Qb6 22. Nxe5 Nde3 23. Nxg4 Nxc2 24. Rxc2 Rxc2 25. Ne3 Rc7 26. Bd2 b4 27. axb4 Rcd7 28. Bc3 Rd3 29. Nf1 Bd5 30. Nf2 Bxg2+ 31. Kxg2 R3d7 32. Qe3 Qb5 33. Qe5 Qb7+ 34. Qe4 Qb6 35. Qe3 Qb5 36. Qe5 1/2-1/2

[Event "CYCC U14"]
[Site "Ottawa CAN"]
[Date "2007.07.04"]
[Round "4"]
[White "Mai, Lloyd"]
[Black "Martchenko, Alexander"]
[Result "1-0"]
[WhiteElo "2270"]
[BlackElo "2156"]
[PlyCount "91"]
[GameId "2160767910659215"]
[EventDate "2007.07.03"]
[EventType "swiss"]
[EventRounds "7"]
[EventCountry "CAN"]
[SourceTitle "EXT 2022"]
[Source "ChessBase"]
[SourceDate "2021.10.06"]
[SourceVersion "1"]
[SourceVersionDate "2021.10.06"]
[SourceQuality "1"]

1. e4 c5 2. Nc3 Nc6 3. g3 g6 4. Bg2 Bg7 5. d3 d6 6. Nh3 e6 7. O-O Nge7 8. f4 O-O 9. Be3 Nd4 10. Rb1 Rb8 11. Ne2 b6 12. g4 f5 13. gxf5 exf5 14. c3 Nxe2+ 15. Qxe2 h6 16. Nf2 d5 17. e5 Ba6 18. c4 d4 19. Bd2 Bb7 20. Bxb7 Rxb7 21. b4 Qc7 22. h4 Rfb8 23. Nh3 Nc6 24. Kh2 Qe7 25. b5 Nd8 26. h5 gxh5 27. Qxh5 Qf7 28. Qf3 Ne6 29. Rg1 Kh7 30. Be1 a6 31. a4 Ra7 32. a5 axb5 33. Rxb5 Rab7 34. a6 Ra7 35. Ba5 Rxa6 36. Rgb1 Qc7 37. Qh5 Rf8 38. Rxb6 Rxb6 39. Rxb6 Qa7 40. Rxe6 Qxa5 41. Rg6 Kg8 42. e6 Qe1 43. Qxh6 Qe2+ 44. Kh1 Qf3+ 45. Kg1 Qd1+ 46. Kg2 1-0

[Event "CYCC U14"]
[Site "Ottawa CAN"]
[Date "2007.07.04"]
[Round "4"]
[White "Nadeau, Emmanuel"]
[Black "Calugar, Arthur"]
[Result "0-1"]
[WhiteElo "1720"]
[BlackElo "2076"]
[PlyCount "80"]
[GameId "2160767910659216"]
[EventDate "2007.07.03"]
[EventType "swiss"]
[EventRounds "7"]
[EventCountry "CAN"]
[SourceTitle "EXT 2022"]
[Source "ChessBase"]
[SourceDate "2021.10.06"]
[SourceVersion "1"]
[SourceVersionDate "2021.10.06"]
[SourceQuality "1"]

1. e4 c5 2. Nf3 Nc6 3. d4 cxd4 4. Nxd4 e6 5. Nc3 Qc7 6. Be3 a6 7. Be2 Nf6 8. Qd2 Bb4 9. a3 Nxe4 10. Qd3 Nxc3 11. bxc3 Ne5 12. Qd1 Bxc3+ 13. Bd2 Bxd4 14. Rb1 Bc3 15. O-O Bxd2 16. Qxd2 b5 17. Rfd1 Bb7 18. Rb3 Rc8 19. c3 h6 20. h3 Qc6 21. Bf1 O-O 22. Qe3 Nc4 23. Qg3 d5 24. Rd4 Qc7 25. Qf3 e5 26. Rd1 e4 27. Qg4 f5 28. Qh5 Qf7 29. Qh4 Ne5 30. Be2 d4 31. Rbb1 dxc3 32. Rbc1 c2 33. Rd2 Qb3 34. Qe7 Qb2 35. Re1 c1=Q 36. Rxb2 Qxe1+ 37. Kh2 Qc1 38. Qxe5 Qc7 39. Qxc7 Rxc7 40. g3 Rfc8 0-1